000 nam a22 a 4500
999 _c81
_d81
005 20170417110348.0
008 170417s2006 -uk||||| |||| 00| 0 eng d
020 _a1841407763
040 _aAKMAL
082 _a336.20094119
090 _a336.20094119
_bHAR
245 0 0 _aHardman's tax rates & tables. 2006-07
246 1 3 _aCCH Hardman's tax rates & tables
260 _aBicester :
_bWolters Kluwer (UK) Ltd, CCH Editions,
_c2006-
300 _av. ;
_c23cm
650 _aTaxation
_vHandbooks, manuals, etc.
_zGreat Britain
_9230
700 1 0 _aHardman, J. Philip.
_9231
710 2 _aChartered Institute of Taxation.
_9232
710 2 _aAssociation of Taxation Technicians.
_9233
942 _2ddc
_cBOOK
950 _lAKMAL